000 00376nam a2200133Ia 4500
008 230917s9999||||xx |||||||||||||| ||und||
040 _e90619
_aMAIN
041 _aEnglish
082 _a615.842 T155S
100 _aTaneja, Anil
245 0 _aSonographic evaluation of gallbladder wall and gallbladder volume in patients with hypoal buminemia
300 _a54 p.
942 _cTH
999 _c72384
_d72384